000
00326pab a2200145 454500
008
180718b1988 xxu||||| |||| 00| 0 eng d
100
_a
Vohra, B.B.
245
_a
Ecology
_b
Confusion on the forestry front
260
_c
1988
300
_a
9-10
362
_a
16 July
650
_a
Forests
773
_a
Commerce
909
_a
8858
999
_c
8858
_d
8858